| 000 | 00557nam a2200193 i 4500 | ||
|---|---|---|---|
| 001 | 61274 | ||
| 003 | ES-MaACL | ||
| 007 | t| | ||
| 008 | 031111s1985 sp ||||1| spa d | ||
| 020 | _a84-7639-000-9 | ||
| 100 | 1 |
_aEzquerra, Iñaki. _948471 |
|
| 245 | 1 | 3 |
_aEl zumbido / _cIñaki Ezquerra. |
| 260 |
_aBarcelona : _bMontesinos, _c[1985] |
||
| 300 |
_a344 p. ; _c20 cm. |
||
| 490 | 1 |
_aVisio Tundali. Contemporáneos ; _v46 |
|
| 830 | 0 |
_aVisio Tundali. Contemporáneos ; _v46 _9182782 |
|
| 852 |
_aES-MaACL _jL-9000 _bR.109298 |
||
| 999 |
_c61274 _d61274 |
||